Essentials of Human Embryology (Record no. 488)

MARC details
000 -LEADER
fixed length control field 01028pam a2200289 a 4500
001 - CONTROL NUMBER
control field 4488992
003 - CONTROL NUMBER IDENTIFIER
control field OSt
005 - DATE AND TIME OF LATEST TRANSACTION
control field 20240315134456.0
008 - FIXED-LENGTH DATA ELEMENTS--GENERAL INFORMATION
fixed length control field 970610s1998 nyua b 001 0 eng c
010 ## - LIBRARY OF CONGRESS CONTROL NUMBER
LC control number 97017953
020 ## - INTERNATIONAL STANDARD BOOK NUMBER
International Standard Book Number 044307514X (sc : alk. paper)
040 ## - CATALOGING SOURCE
Original cataloging agency DNLM/DLC
Transcribing agency DLC
Modifying agency DLC
050 00 - LIBRARY OF CONGRESS CALL NUMBER
Classification number QM601
Item number .L369 1998
060 10 - NATIONAL LIBRARY OF MEDICINE CALL NUMBER
Classification number QS 604 L334e 1998
082 00 - DEWEY DECIMAL CLASSIFICATION NUMBER
Classification number QS 604 L32e 1998
Edition number 21
100 1# - MAIN ENTRY--PERSONAL NAME
Personal name Larsen, William J.;
9 (RLIN) 1292
245 10 - TITLE STATEMENT
Title Essentials of Human Embryology
260 ## - PUBLICATION, DISTRIBUTION, ETC. (IMPRINT)
Place of publication, distribution, etc. New York :
Name of publisher, distributor, etc. Churchill Livingstone,
Date of publication, distribution, etc. 1998.
300 ## - PHYSICAL DESCRIPTION
Extent xii, 394 p. :
Other physical details ill. (some col.) ;
Dimensions 28 cm.
500 ## - GENERAL NOTE
General note Based on the first edition of Human embryology, published in 1993.
504 ## - BIBLIOGRAPHY, ETC. NOTE
Bibliography, etc Includes bibliographical references (p. 331-354) and index.
650 #0 - SUBJECT ADDED ENTRY--TOPICAL TERM
Topical term or geographic name as entry element Embryology
9 (RLIN) 204
650 12 - SUBJECT ADDED ENTRY--TOPICAL TERM
Topical term or geographic name as entry element Developing human
9 (RLIN) 61
906 ## - LOCAL DATA ELEMENT F, LDF (RLIN)
a 7
b cbc
c orignew
d 1
e ocip
f 19
g y-gencatlg
942 ## - ADDED ENTRY ELEMENTS (KOHA)
Source of classification or shelving scheme Other/Generic Classification Scheme
Koha item type Short Loan
Holdings
Withdrawn status Lost status Source of classification or shelving scheme Damaged status Not for loan Home library Current library Date acquired Source of acquisition Inventory number Total Checkouts Full call number Barcode Date last seen Koha item type
    Other/Generic Classification Scheme     MUST Main Library MUST Main Library 22/09/2014 Purchase 05/23089   QS 604 L32e 1998 2014-2908 22/09/2014 Short Loan